Statistics for Famous Swedes Picture Quiz

Click here to take the quiz!

General Stats

  • This quiz has been taken 28 times
  • The average score is 9 of 20

Answer Stats

Answer% Correct
Greta Thunberg
92%
Alfred Nobel
85%
Björn Borg
73%
Avicii
69%
Ingrid Bergman
69%
Zlatan Ibrahimović
69%
Pewdiepie
65%
Anders Celsius
58%
Stellan Skarsgård
58%
Astrid Lindgren
46%
Zara Larsson
46%
Carl von Linné
35%
Carl XVI Gustaf
31%
Dag Hammarskjöld
31%
Selma Lagerlöf
27%
Ingvar Kamprad
23%
Stieg Larsson
23%
Jan-Ove Waldner
19%
Mikael Persbrandt
15%
Raoul Wallenberg
12%

Score Distribution

Percentile by Number Answered

Percent of People with Each Score

Your Score History

You have not taken this quiz